Flip : how to find, fix, and sell houses for profit

Bibliographic Details
Main Author: Villani, Rick
Other Authors: Davis, Clay
Format: Book
Published: New York : McGraw-Hill , 2007
Subjects:

MARC

LEADER 00000cam a2200000 7i4500
001 0000020928
005 20071205.0
020 |a 9780071486101 
040 |a INS 
090 0 0 |a HD1382.5   |b V55 2007 
100 1 |a Villani, Rick 
245 1 0 |a Flip :   |b how to find, fix, and sell houses for profit   |c Rick Villani and Clay Davis 
260 |a New York :   |b McGraw-Hill ,   |c 2007 
300 |a xiv, 394p. :   |b ill. ;   |c 23cm. 
500 |a Includes index 
650 0 0 |a House buying 
650 0 0 |a House selling 
650 0 0 |a Real estate business 
650 0 0 |a Real estate investment 
700 1 |a Davis, Clay 
999 |a 0000019446   |b BOOK   |c Open Shelf   |e Default branch